| 000 | 00612nam a22001337a 4500 | ||
|---|---|---|---|
| 040 | _cRUA | ||
| 082 | _aAVM EAN 2015 B507 Or.1 | ||
| 100 | _aEAN SEN , អ៊ាន សែន | ||
| 245 | _aSurvey of fowl pox and Newcastle disease on local chichen in prey chhor district kampong cham province, ការអង្កេតជំងឺអុត និង ជំងឺញ៉ូកាស ទៅលើមាន់ក្នុង ស្រុក នៅព្រៃឈរ ខេត្តកំពង់ចាម | ||
| 260 |
_aPhnom Penh _bRUA _c2015 |
||
| 300 |
_ax; 38p. _bill. _c29cm. |
||
| 856 | _uEAN SEN | ||
| 942 | _cAVM | ||
| 999 |
_c8785 _d8785 |
||